000 00598nam a22001817a 4500
020 _qHard Cover.
082 _a330
100 _aHuma Mumtaz
245 _aImpact of Manufactured Trade and Labour Market Frictions on Unemployment in Pakistan /
_cMumtaz, Huma : Muhammad Yousaf Zia
260 _aIslamabad:
_bS3H NUST,
_c2021.
300 _a41 p. :
_bill. ;
_c30cm.
563 _aHB
650 _aBS-Economics
700 _aDr. Zafar Mehmood
_955281
856 _uhttp://10.250.8.41:8080/xmlui/handle/123456789/24382
942 _2ddc
_cPR
999 _c566095
_d566095